000 01045naa a22002897a 4500
001 BR8106339
003 BR-BrBNA
005 20240918174951.0
007 ta
008 230509b bl.||||| |||| 00| 0 por d
040 _aBR-BrBNA
_bpor
_cBiblioteca Nacional de Agricultura
041 _a(Pt)
072 _aM10; P10
_b8140
_bG514
090 _aM10 BR8106339
100 1 _aBraga, R.A.
245 1 _aErradicacao de piranhas no acude publico Poco da Cruz Inaja, Pernambuco. 1: reconhecimento da bacia hidrografica [Brasil]
260 3 _aFortaleza, CE (Brasil):
_c1981.
500 _a2. Coletanea de trabalhos tecnicos. Pesca e piscicultura Fortaleza, CE (Brasil): 1981. p. 439-478 (BR8106339-AM)M10
650 _aPEIXE DE AGUA DOCE
650 _aPIRANHA
650 _aERRADICACAO
650 _aBACIA HIDROGRAFICA
650 _aPERNAMBUCO
773 0 _t2. Coletanea de trabalhos tecnicos. Pesca e piscicultura
_wM10 BR8106339
_gFortaleza, CE (Brasil), 1981. p. 439-478
909 _a202404
_bLucia
_c55
_dLucia Elande
942 _cAM
_2AGRIS
999 _c314407
_d314407